| 000 | 00736nmm a2200277 a 4500 | ||
|---|---|---|---|
| 003 | AR-BaBNM | ||
| 005 | 20251128203452.0 | ||
| 008 | 084019s1983 ||||||||||||||000 | spa|| | ||
| 020 | _a950-02-6204-5 | ||
| 040 | _cAR-BaBNM | ||
| 100 | 1 | _aDaus, Federico Alberto | |
| 245 | 1 | 0 | _aEl "subdesarrollo latinoamericano" |
| 260 |
_aBuenos Aires _bEl Ateneo _c1983 |
||
| 300 | 0 |
_a201 p. _btablas, gráfs. |
|
| 650 | 4 | _aHISTORIA ARGENTINA | |
| 650 | 4 | _aDESARROLLO ECONOMICO | |
| 650 | 4 | _aHISTORIA ECONOMICA | |
| 650 | 4 | _aSUBDESARROLLO | |
| 650 | 4 | _aECONOMIA | |
| 650 | 4 | _aDESIGUALDAD ECONOMICA | |
| 650 | 4 | _aHISTORIA LATINOAMERICANA | |
| 650 | 4 | _aDESIGUALDAD SOCIAL | |
| 651 | 4 | _aAmérica Latina | |
| 942 | _cBK | ||
| 998 | _cCasco | ||
| 999 |
_c3522 _d3522 |
||